书目信息 |
| 题名: |
汪海波经济文选
|
|
| 作者: | 汪海波 著 | |
| 分册: | ||
| 出版信息: | 北京 中国时代经济出版社 2010.01 |
|
| 页数: | 25,301页 | |
| 开本: | 24cm | |
| 丛书名: | 中国时代经济名家经典文丛 | |
| 单 册: | ||
| 中图分类: | F0-53 | |
| 科图分类: | ||
| 主题词: | 经济学--文集 | |
| 电子资源: | ||
| ISBN: | 978-7-80221-986-1 | |
| 000 | 00875nam0 2200241 450 | |
| 001 | 1262837806 | |
| 005 | 20120213172739.43 | |
| 010 | @a978-7-80221-986-1@dCNY48.00 | |
| 100 | @a20100210d2010 y0chiy0110 ea | |
| 101 | 0 | @achi |
| 102 | @aCN@b110000 | |
| 105 | @ay z 000yy | |
| 200 | 1 | @a汪海波经济文选@9wang hai bo jing ji wen xuan@f汪海波著 |
| 210 | @a北京@c中国时代经济出版社@d2010.01 | |
| 215 | @a25,301页@d24cm | |
| 225 | 2 | @a中国时代经济名家经典文丛 |
| 330 | @a本书分为“经济发展战略”、“经济运行轨迹”、“经济发展成就及其根本动力”三部分,收录了《论全面建设小康社会的艰巨性和可行性》、《2008年经济运行的特征》、《新中国十个五年计划的回顾:成就和经验》等文章。 | |
| 461 | 0 | @12001@a中国时代经济名家经典文丛 |
| 606 | 0 | @a经济学@j文集 |
| 690 | @aF0-53@v4 | |
| 701 | 0 | @a汪海波@9wang hai bo@f(1930- )@4著 |
| 801 | 0 | @aCN@bSG02@c20100210 |
| 905 | @aZUCC@dF0-53@eW060 | |
| 汪海波经济文选/汪海波著.-北京:中国时代经济出版社,2010.01 |
| 25,301页;24cm.-(中国时代经济名家经典文丛) |
| ISBN 978-7-80221-986-1:CNY48.00 |
| 本书分为“经济发展战略”、“经济运行轨迹”、“经济发展成就及其根本动力”三部分,收录了《论全面建设小康社会的艰巨性和可行性》、《2008年经济运行的特征》、《新中国十个五年计划的回顾:成就和经验》等文章。 |
| ● |
| 相关链接 |
|
|
|
正题名:汪海波经济文选
索取号:F0-53/W060
 
预约/预借
| 序号 | 登录号 | 条形码 | 馆藏地/架位号 | 状态 | 备注 |
| 1 | 482987 | 204829873 | 社科二线422/409社科库 62排1列4层/ [索取号:F0-53/W060] | 在馆 | |
| 2 | 482988 | 204829882 | 社科库409/409社科库 62排1列5层/ [索取号:F0-53/W060] | 在馆 | |
| 3 | 482989 | 204829891 | 社科二线422/409社科库 62排1列4层/ [索取号:F0-53/W060] | 在馆 |